Developing the skills to succeed in FM (Record no. 78084)

MARC details
000 -LEADER
fixed length control field 00969cab a2200205 4500
001 - CONTROL NUMBER
control field L135965
008 - FIXED-LENGTH DATA ELEMENTS--GENERAL INFORMATION
fixed length control field 061220n2006 000 0 eng u
035 ## - SYSTEM CONTROL NUMBER
System control number (Sirsi) u135965
041 0# - LANGUAGE CODE
Language code of text/sound track or separate title eng
100 1# - MAIN ENTRY--PERSONAL NAME
Personal name Booty, Frank
245 00 - TITLE STATEMENT
Title Developing the skills to succeed in FM
260 ## - PUBLICATION, DISTRIBUTION, ETC.
Date of publication, distribution, etc. 2006
490 #0 - SERIES STATEMENT
Series statement Facilities Management
Volume/sequential designation 14(3) December 2006, 20-21(2)
520 ## - SUMMARY, ETC.
Summary, etc. Discusses the need for the establishment of formal qualifications for meeting employers' requirements in facilities management. Companies face the problem that there is no single set of skills that facilities managers are currently required to have. Even the most experienced managers are under pressure to keep up to date with new legislation, and with the drive towards improved corporate governance and social responsibility.
590 ## - LOCAL NOTE (RLIN)
Local note KA
651 #4 - SUBJECT ADDED ENTRY--GEOGRAPHIC NAME
Geographic name United Kingdom
Chronological subdivision
690 ## - LOCAL SUBJECT ADDED ENTRY--TOPICAL TERM (OCLC, RLIN)
Topical term or geographic name as entry element MANAGEMENT-FACILITIES MANAGEMENT
690 ## - LOCAL SUBJECT ADDED ENTRY--TOPICAL TERM (OCLC, RLIN)
Topical term or geographic name as entry element CAREERS, EDUCATION AND TRAINING
942 ## - ADDED ENTRY ELEMENTS (KOHA)
Suppress in OPAC 0
Holdings
Withdrawn status Lost status Source of classification or shelving scheme Damaged status Not for loan Home library Current library Shelving location Date acquired Total Checkouts Full call number Barcode Date last seen Copy number Price effective from Koha item type
    Dewey Decimal Classification     London London Journal article 20/12/2006   L135965 135965-1001 06/08/2019 1 06/08/2019 Journal article